000 01131nam0a22002771 4500
001 v19\rc\1291145
005 20260405221258.0
035 _a(NLR Aleph) 005201105
090 _a5310815
_c5310815
100 _a20060306e18571857|||y0rusy50 ca
101 0 _arus
102 _aRU
105 _aa z |||||
200 1 _aМорской электрический телеграф, устроенный на паровом фрегате "Палкан"
_fА. Савельев
210 _aСанкт-Петербург
_cтип. Мор. м-ва
_d1857
215 _a[2], 12 с., 3 л. черт.
_d23
311 _aИз "Мор. сб.", 1857 г., № 6
488 0 _12001#$aМорской сборник$v1857, № 6
_tМорской сборник
700 1 _8rus
_7ca
_aСавельев
_bА. С.
_cфизик, географ
_f1820-1860
_gАлександр Степанович
_3RU\NLR\AUTH\7799612
_982538
801 0 _aRU
_bNLR
_c20060306
_gpsbo
801 0 _aRU
_bRuMoRGB
_c20060306
_2psbo
801 1 _aRU
_bProSoft-M
_c20060306
_2rusmarc
801 2 _aRU
_bNLR
_c20110530
_2rusmarc
852 _aNLR
_j18.6.3.120
942 _cBOOK
980 _aNB